Anatomía y fisiología /

Guardado en:
Autor Principal: Santos Lara, José Angel Dos
Formato: Libro
Publicado: Buenos Aires : Troquel, 1969
Edición:15
Materias:
Etiquetas: Agregar Etiqueta
Sin Etiquetas, Sea el primero en etiquetar este registro!
LEADER 00622nam a22002055a 4500
001 CEM.cems005791
005 20060214000000.0
008 130507s1969##################000#0#####d
003 CEMS
082 0 4 |a 611 
100 1 |a Santos Lara, José Angel Dos 
245 1 0 |a Anatomía y fisiología / 
250 |a 15 
260 |a Buenos Aires :  |b Troquel,  |c 1969 
300 |a 324 
653 |a Anatomia 
653 |a Fisiologia 
859 |a CEMS  |b BIB. CEMS - 11 de abril  |h 611  |i Sa59a15  |p 1581.74  |t Ej.3 
859 |a CEMS  |b BIB. CEMS - 11 de abril  |h 611  |i Sa59a15  |p 1632.74  |t Ej.2 
859 |a CEMS  |b BIB. CEMS - 11 de abril  |h 611  |i Sa59a15  |p 6836.79  |t Ej.1